000 00324 a2200145 4500
001 142375
040 _cLeonardo Da Vinci
041 _aPortuguês
082 _av118
245 _aESTUDO do meio
_bcidades históricas
260 _c1987
362 _a19870000
697 _aHistória
_aOuro Preto
_aCongonhas
942 _cVM
999 _c142375
_d142375